000 01031nam a2200289 a 4500
003 BLK
005 20250611175451.0
008 180409b bul|||||r ||||||| ||bul||
020 _a978-954-685-865-8
_q9789546858658
040 _aBLK
041 _aBUL
_cBUL
080 _aБългарска литература
_b821.163.2
_x-93-34
_z821.163.2-93-34
084 _aП 87
245 1 0 _aПриказки с поука
_cподб. и лит. обраб. Албена Статева.
257 _aBGR
260 _aСофия
_bСофтПрес
_c2011
_fФоли Арт
300 _a109 с.
_bс ил.
_c24 см
380 _aDX
653 _aприказки
653 _aлитература за деца
653 _aдетска литература
700 1 _aСтатева, Албена
_eподб. и лит. обраб.
_9373096
852 _bД
_c821.163.2-93/П 87
942 _cKNG
_n0
_010
_s1
944 _aCR
_c2021-03-12
_lБояна Костадинова
_k30551
999 _c400787
_d400787